00430 2200181 4500001002100000005001500021020002200036035002400058040001200082082001400094084001400108090001400122100001500136245003300151250001000184260003500194300001900229YOGYA00000000010006020140823125017 a978-979-756-919-8 0010-111300000000172 aYOPDYOG 2[22]a540 a540 Isf K a540 Isf K aIS FATIMAH aKinetika kimia/cIs Fatimah. aCet.1 ayogyakarta:bgraha ilmu,c2013 avi, [205]hlm.: